100 Melhores Filmes Brasileiros Segundo a Abraccine - Statistics

Estatísticas Gerais
  • Esse quiz foi jogado 97 vezes
  • A pontuação média é 10 de 100
Estatísticas das Respostas
Posição Nome do Filme Ano Direção % Correto
8 Cidade de Deus 2002 Fernando Meirelles e Kátia Lund
87%
30 Tropa de Elite 2007 José Padilha
82%
11 Central do Brasil 1998 Walter Salles
74%
63 O Auto da Compadecida 2000 Guel Arraes
53%
35 Tropa de Elite 2: O Inimigo Agora É Outro 2010 José Padilha
43%
2 Deus e o Diabo na Terra do Sol 1964 Glauber Rocha
40%
95 Carandiru 2003 Hector Babenco
38%
71 Que Horas Ela Volta? 2015 Anna Muylaert
34%
97 O Palhaço 2011 Selton Mello
26%
12 Pixote, a Lei do Mais Fraco 1980 Hector Babenco
25%
9 O Pagador de Promessas 1962 Anselmo Duarte
24%
4 Cabra Marcado para Morrer 1984 Eduardo Coutinho
22%
74 Estômago 2007 Marcos Jorge
21%
61 O Beijo da Mulher Aranha 1985 Hector Babenco
19%
3 Vidas Secas 1963 Nelson Pereira dos Santos
19%
42 A Hora da Estrela 1985 Suzana Amaral
16%
6 O Bandido da Luz Vermelha 1968 Rogério Sganzerla
16%
15 O Som ao Redor 2012 Kleber Mendonça Filho
16%
5 Terra em Transe 1967 Glauber Rocha
16%
47 Terra Estrangeira 1996 Walter Salles e Daniela Thomas
16%
39 Dona Flor e Seus Dois Maridos 1976 Bruno Barreto
15%
28 Edifício Master 2002 Eduardo Coutinho
15%
27 Rio, 40 Graus 1955 Nelson Pereira dos Santos
15%
46 À Meia-Noite Levarei Sua Alma 1964 José Mojica Marins
12%
7 São Paulo, Sociedade Anônima 1965 Luís Sérgio Person
12%
86 Amarelo Manga 2002 Cláudio Assis
10%
14 Eles Não Usam Black-tie 1981 Leon Hirszman
10%
13 Ilha das Flores 1989 Jorge Furtado
10%
67 Ônibus 174 2002 José Padilha
10%
18 Bye Bye Brasil 1979 Carlos Diegues
9%
88 Di 1977 Glauber Rocha
9%
10 Macunaíma 1969 Joaquim Pedro de Andrade
9%
53 Madame Satã 2002 Karim Aïnouz
9%
72 Bicho de Sete Cabeças 2001 Laís Bodanzky
7%
99 O Ano em que Meus Pais Saíram de Férias 2006 Cao Hamburger
7%
19 O Assalto ao Trem Pagador 1962 Roberto Farias
7%
87 Os Saltimbancos Trapalhões 1981 J. B. Tanko
7%
90 Esta Noite Encarnarei no Teu Cadáver 1967 José Mojica Marins
6%
17 Jogo de Cena 2007 Eduardo Coutinho
6%
38 Matou a Família e Foi ao Cinema 1969 Júlio Bressane
6%
23 Os Fuzis 1964 Ruy Guerra
6%
73 Tatuagem 2013 Hilton Lacerda
6%
58 Abril Despedaçado 2001 Walter Salles
4%
78 Lúcio Flávio, o Passageiro da Agonia 1976 Hector Babenco
4%
29 Memórias do Cárcere 1984 Nelson Pereira dos Santos
4%
70 O Céu de Suely 2006 Karim Aïnouz
4%
60 O Lobo Atrás da Porta 2015 Fernando Coimbra
4%
77 Pra Frente, Brasil 1982 Roberto Farias
4%
49 Rio, Zona Norte 1957 Nelson Pereira dos Santos
4%
50 Alma Corsária 1993 Carlos Reichenbach
3%
21 Iracema - Uma Transa Amazônica 1975 Jorge Bodanzky e Orlando Senna
3%
16 Lavoura Arcaica 2001 Luiz Fernando Carvalho
3%
100 Meteorango Kid: Herói Intergalático 1969 André Luiz Oliveira
3%
34 O Dragão da Maldade contra o Santo Guerreiro 1969 Glauber Rocha
3%
62 O Homem Que Virou Suco 1980 João Batista de Andrade
3%
36 O Invasor 2002 Beto Brant
3%
20 S. Bernardo 1972 Leon Hirszman
3%
52 Toda Nudez Será Castigada 1973 Arnaldo Jabor
3%
54 A Falecida 1965 Leon Hirszman
1%
26 A Hora e Vez de Augusto Matraga 1965 Roberto Santos
1%
57 A Idade da Terra 1980 Glauber Rocha
1%
94 Aruanda 1960 Linduarte Noronha
1%
96 Bla Bla Blá 1968 Andrea Tonacci
1%
75 Cinema, Aspirinas e Urubus 2005 Marcelo Gomes
1%
93 Dois Córregos 1999 Carlos Reichenbach
1%
45 Filme Demência 1986 Carlos Reichenbach
1%
66 O Caso dos Irmãos Naves 1967 Luís Sérgio Person
1%
41 O Homem do Sputnik 1959 Carlos Manga
1%
89 Os Inconfidentes 1972 Joaquim Pedro de Andrade
1%
37 Todas as Mulheres do Mundo 1967 Domingos de Oliveira
1%
65 A Lira do Delírio 1978 Walter Lima Jr.
0%
51 A Margem 1967 Ozualdo Candeias
0%
83 A Marvada Carne 1985 André Klotzel
0%
48 A Mulher de Todos 1969 Rogério Sganzerla
0%
80 Anjos do Arrabalde 1987 Carlos Reichenbach
0%
76 Baile Perfumado 1997 Paulo Caldas e Lírio Ferreira
0%
25 Bang Bang 1971 Andrea Tonacci
0%
91 Cabaret Mineiro 1980 Carlos Alberto Prates Correia
0%
92 Chuvas de Verão 1977 Carlos Diegues
0%
24 Ganga Bruta 1933 Humberto Mauro
0%
85 Inocência 1983 Walter Lima Jr.
0%
1 Limte 1931 Mário Peixoto
0%
81 Mar de Rosas 1977 Ana Carolina
0%
69 Meu Nome é... Tonho 1969 Ozualdo Candeias
0%
22 Noite Vazia 1964 Walter Hugo Khouri
0%
68 O Anjo Nasceu 1969 Júlio Bressane
0%
64 O Cangaceiro 1953 Lima Barreto
0%
55 O Despertar da Besta 1969 José Mojica Marins
0%
59 O Grande Momento 1958 Roberto Santos
0%
31 O Padre e a Moça 1965 Joaquim Pedro de Andrade
0%
82 O País de São Saruê 1971 Vladimir Carvalho
0%
40 Os Cafajestes 1962 Ruy Guerra
0%
98 O Signo do Caos 2003 Rogério Sganzerla
0%
79 O Viajante 1999 Paulo César Saraceni
0%
33 Santiago 2007 João Moreira Salles
0%
84 Sargento Getúlio 1983 Hermanno Penna
0%
43 Sem Essa, Aranha 1970 Rogério Sganzerla
0%
32 Serras da Desordem 2006 Andrea Tonacci
0%
44 Superoutro 1989 Edgard Navarro
0%
56 Tudo Bem 1978 Arnaldo Jabor
0%
Nenhum quiz correspondente encontrado
Distribuição das Pontuações
Porcentagem de Pessoas com Cada Pontuação
Percentil de Números Respondidos
Sua Pontuação Histórica
Você não jogou esse quiz